000 00490nam a22001817a 4500
003 OSt
005 20260414052405.0
008 260414b |||||||| |||| 00| 0 eng d
020 _a0-373-80679-5
040 _aDWC-Main lib.
_cOC
082 _aFic. J29t 1983
100 _aJames, Stephanie
245 _aTo tame the hunter/
_cStephanie James
260 _aNew York :
_bSilhouette Books,
_cc1983.
300 _a218 p. ;
_c17 cm.
650 _a1. Fiction.
942 _2ddc
_cFIC.
_hFic.
_n0
999 _c9398
_d9398